000 00825nam a2200241Ia 4500
003 OSt
005 20220923213359.0
006 a|||||r|||| 00| 0
007 ta
008 220922b |||||||| |||| 00| 0 hin d
024 _a161,293
037 _cTextual
040 _aARTS
_cARTS
_bhin
041 _2hin
_ahin
082 _aO152,2M89:g(S), L4
100 _aपोटा, निरूपमा, ृ
_9163034
245 0 _aप्रसाद के नाटको कां मनोवैज्ञानिक अध्ययन
246 _aPrasād ke nāṭako kāan hinovaijnyānik adhyayana
260 _c1974
650 _aहिन्दी साहित्य
_9156264
942 _hO152,2M89:g(S), L4
_cTEXL
_2CC
999 _c315964
_d315964